000 00720cam a2200181 4500
001 ##L132515
008 060214n 000 0 eng u
035 _a(Sirsi) u132515
041 0 _aeng
050 0 4 _a333.0062 $2 18
110 2 _aIncorporated Society of Auctioneers and Landed Property Agents
_94878
245 0 0 _aPreliminary examinations
_bspring 1927-1940
260 _a[S.l.]
_b[s.n.]
_c1927-40
300 _a1
_fv
_b30 folded leaves of plates
_c21cm.
520 _aPreliminary examination questions on English composition; general knowledge; arithmetic; algebra; geometry; Latin; French; and book-keeping, for the years 1927-1940.
690 _aCAREERS, EDUCATION AND TRAINING-QUALIFICATION ROUTES
942 _n0
999 _c105164
_d105164